| 000 | 00743cam a22002651 4500 | ||
|---|---|---|---|
| 001 | sa 68001250 | ||
| 003 | DLC | ||
| 005 | 20260227112431.0 | ||
| 008 | 710903s1967 pk b 00010 eng | ||
| 010 | _asa 68001250 //r97 | ||
| 025 | _aPL480:EP-E-442 | ||
| 040 |
_aDLC _cDLC _dDLC |
||
| 043 | _aa-pk--- | ||
| 050 | 0 | 0 |
_aJQ543 1967 _b.R3 |
| 082 | 0 | 0 | _a320.9/549 |
| 100 | 1 | 0 | _aRashiduzzaman, M. |
| 245 | 1 | 0 |
_aPakistan: _ba study of government and politics _c[by] M. Rashiduzzaman. |
| 250 | _a[1st ed.] | ||
| 260 | 0 |
_aDacca, _bIdeal Library _c[1967] |
|
| 300 |
_a284 p. _c23 cm. |
||
| 350 | _aRs11 | ||
| 504 | _aBibliographical footnotes. | ||
| 651 | 0 |
_aPakistan _xPolitics and government. |
|
| 650 | 0 |
_aConstitutional history _zPakistan. |
|
| 999 |
_c77832 _d77832 |
||